Michigan State University Quiz - Statistics

General Stats
  • This quiz has been taken 18 times
  • The average score is 7 of 11
Answer Stats
Hint Answer % Correct
Conference it is in Big 10
100%
Town Name East Lansing
94%
Mascot Sparty
94%
Basketball Coach Tom Izzo
94%
Most recent year they won march madness? 2000
71%
Year Founded 1855
53%
Popular street campus is on Grand River
53%
Biggest Rival University of Michigan
53%
What do students do at midnight during finals week? Scream
47%
What is their business school, named after a billionaire? Broad College
41%
Referred to as the worst dorm Hubbard Hall
29%
No matching quizzes found
Score Distribution
Percent of People with Each Score
Percentile by Number Answered
Your Score History
You have not taken this quiz